| 000 | 01074aam a2200325 i 4500 | ||
|---|---|---|---|
| 001 | 768714001 | ||
| 003 | CO-MdFUSB | ||
| 005 | 20210906095840.0 | ||
| 007 | ta | ||
| 008 | 210906t1951 sp ||||| |||| 00| 0 spa d | ||
| 020 | _a[No incluye ISBN] | ||
| 040 |
_bspa. _aCO-MdFUSB _cCO-MdFUSB _dCO-MdFUSBC _erda |
||
| 041 | _aspa | ||
| 082 | 0 | 4 |
_a492.4 _223 _bR6961m |
| 100 | 1 |
_aRodríguez, Segundo Miguel _eautor |
|
| 245 | 1 | 0 |
_aManual de hebreo y arameo bíblicos I : _bgramática cíclica y antología, versificación hebrea, léxicos completos hebreo y arameo-español _c/ Segundo Miguel Rodríguez ; revisado por Guillermo G. Dorado, |
| 250 | _a4 corregida | ||
| 264 | 1 |
_aMadrid, España : _bEl perpetuo socorro, _c[1951] |
|
| 264 | 4 | _c© 1951 | |
| 300 |
_a79 Páginas. _c; 27 cm |
||
| 336 |
_2rdacontent _atexto _btxt |
||
| 337 |
_2rdamedia _asin mediación _bn |
||
| 338 |
_2rdacarrier _avolumen _bnc |
||
| 563 | _aRústico | ||
| 650 | 0 |
_aGramática _91734 |
|
| 653 | _aHebreo | ||
| 700 |
_95598 _aDorado, Guillermo G. _erevisor |
||
| 942 | _cBK | ||
| 945 | _aJTF-925 | ||
| 999 |
_c31912 _d31912 |
||